000 00347nam a2200145Ia 4500
005 20251222143157.0
008 251222s9999||||xx |||||||||||||| ||spa||
020 _a0-13-252710-3
082 _a380.1/K78/1998
100 _aKotler, Philip
245 0 _aFundamentos de Mercadotecnia
250 _a4a.ed.
264 _bPrentice-Hall
942 _cLIB
999 _c12911
_d12911